000 00920nas a2200289 4500
001 BR0602565
003 BR-BrBNA
005 20231205110037.0
007 ta
008 230509b bl.|||p| |||| 00| 00por d
040 _aBR-BrBNA
_bpor
_cBiblioteca Nacional de Agricultura
041 _a(Pt)
072 _aQ04
100 1 _aMaruyama, L.Y.
100 1 _aCardarelli, H.R.
100 1 _aBuriti, F.C.A.
100 1 _aSaad, S.M.I.
245 1 _aTextura instrumental de queijo petit-suisse potencialmente probiótico: influência de diferentes combinações de gomas
650 _aQUEIJO
650 _aPROPRIEDADE REOLÓGICA
650 _aLATICÍNIO
650 _aPROPRIEDADE FÍSICO-QUÍMICA
650 _aTEXTURA
773 0 _tCiência e Tecnologia de Alimentos (Brazil)
_xISSN 0101-2061
_g(Apr-Jun 2006), v. 26(2) p. 386-393
_wBR0602565
909 _a202311
_bLúcia
_c55
_dLúcia Elande
942 _2AGRIS
_n0
_cANA
999 _c185956
_d185956